[Event "45 MFSz im. A.Rubinsteina - B"]
[Site "Polanica Zdroj"]
[Date "2009.08.20"]
[Round "3.16"]
[White "Nowicki, Bartosz"]
[Black "Jurkowski, Marcin"]
[Result "1/2-1/2"]
[WhiteElo "1944"]
[BlackElo "1984"]
[PlyCount "83"]
[EventDate "2009.??.??"]

1. e4 c5 2. Nf3 d6 3. d4 cxd4 4. Nxd4 Nf6 5. Nc3 a6 6. Bg5 Nbd7 7. f4 b5 8. Qf3
Bb7 9. Bd3 Qb6 10. Nce2 e6 11. O-O-O O-O-O 12. Rhe1 Be7 13. Nb3 Nc5 14. Ng3 Na4
15. Nh5 h6 16. Bxf6 gxf6 17. Kb1 f5 18. Qh3 fxe4 19. Bxe4 Bxe4 20. Rxe4 Nc5 21.
Red4 Kb8 22. f5 d5 23. Nxc5 Bxc5 24. Rg4 e5 25. Rg7 Rhf8 26. Qh4 Bf2 27. Qf6
Qxf6 28. Nxf6 e4 29. Ng4 e3 30. Nxf2 exf2 31. Kc1 Rde8 32. Kd2 Re5 33. g4 Rfe8
34. Rf1 Re2+ 35. Kd3 R8e3+ 36. Kd4 Rf3 37. Kxd5 Re1 38. Kc6 Rxf1 39. Rxf7 a5
40. Rf8+ Ka7 41. Rf7+ Ka6 42. Rf8 1/2-1/2

[Event "45 MFSz im. A.Rubinsteina - B"]
[Site "Polanica Zdroj"]
[Date "2009.08.20"]
[Round "3.17"]
[White "Pac, Maciej"]
[Black "Mazalon, Mariusz"]
[Result "0-1"]
[WhiteElo "1830"]
[BlackElo "2167"]
[PlyCount "54"]
[EventDate "2009.??.??"]

1. e4 c5 2. Nf3 d6 3. d4 cxd4 4. Nxd4 Nf6 5. Nc3 a6 6. Bg5 e6 7. f4 Qb6 8. Nb3
Nbd7 9. Qf3 Be7 10. O-O-O Qc7 11. g4 h6 12. Bxf6 Bxf6 13. Rd3 g5 14. Kb1 gxf4
15. Qxf4 Be5 16. Qf3 b5 17. Bg2 Bb7 18. Ne2 Nf6 19. Ng3 O-O-O 20. Rf1 Kb8 21.
Qe2 Rd7 22. Rdf3 Nxg4 23. Bh1 h5 24. h3 h4 25. hxg4 hxg3 26. Qe1 Rh2 27. c3 g2
0-1

[Event "45 MFSz im. A.Rubinsteina - B"]
[Site "Polanica Zdroj"]
[Date "2009.08.20"]
[Round "3.18"]
[White "Szadkowski, Kamil"]
[Black "Kowara, Magdalena"]
[Result "1-0"]
[WhiteElo "2167"]
[BlackElo "1826"]
[PlyCount "71"]
[EventDate "2009.??.??"]

1. e4 c5 2. Nf3 e6 3. c4 d6 4. d4 cxd4 5. Nxd4 Nf6 6. Nc3 Be7 7. Be2 O-O 8. O-O
Nc6 9. Be3 Qc7 10. Rc1 Rd8 11. a3 Nxd4 12. Bxd4 b6 13. f3 Bb7 14. Nb5 Qb8 15.
Qe1 Bc6 16. Nc3 Qb7 17. Qg3 Ne8 18. Rfd1 Bf8 19. b4 a6 20. a4 Nc7 21. b5 axb5
22. axb5 Be8 23. Qf2 Rab8 24. Na4 Na8 25. Kh1 d5 26. cxd5 exd5 27. Bd3 Qa7 28.
Ra1 Qc7 29. Rac1 Qa7 30. Nc3 dxe4 31. Bxe4 Bc5 32. Bxc5 bxc5 33. Rxd8 Rxd8 34.
Qh4 Rd2 35. Qxh7+ Kf8 36. Re1 1-0

[Event "45 MFSz im. A.Rubinsteina - B"]
[Site "Polanica Zdroj"]
[Date "2009.08.20"]
[Round "3.19"]
[White "Skawinski, Arkadiusz"]
[Black "Ulanowski, Karol"]
[Result "1-0"]
[WhiteElo "2153"]
[BlackElo "1777"]
[PlyCount "55"]
[EventDate "2009.??.??"]

1. b3 e5 2. Bb2 Nc6 3. e3 d5 4. Bb5 Bd6 5. Nf3 f6 6. c4 dxc4 7. Bxc4 Nge7 8. d4
Bg4 9. Nbd2 Bb4 10. O-O Bxd2 11. Qxd2 e4 12. Ne1 Nd5 13. Ba3 Qd7 14. Rc1 a6 15.
f3 exf3 16. gxf3 Bh3 17. Rf2 O-O-O 18. Nd3 Nxe3 19. Qxe3 Rhe8 20. Qf4 Nxd4 21.
Nc5 Qc6 22. Bd3 g5 23. Qg3 g4 24. fxg4 Rg8 25. Be4 Qb5 26. Nxa6 Ne2+ 27. Rxe2
Qb6+ 28. Kh1 1-0

[Event "45 MFSz im. A.Rubinsteina - B"]
[Site "Polanica Zdroj"]
[Date "2009.08.20"]
[Round "3.21"]
[White "Kozera, Aleksandra"]
[Black "Klepaczka, Tomasz"]
[Result "0-1"]
[WhiteElo "1788"]
[BlackElo "2085"]
[PlyCount "46"]
[EventDate "2009.??.??"]

1. d4 d5 2. c4 e6 3. Nc3 Nf6 4. Bg5 Be7 5. Nf3 O-O 6. e3 h6 7. Bh4 b6 8. cxd5
Nxd5 9. Bxe7 Qxe7 10. Bd3 c5 11. O-O Rd8 12. Qe2 Nc6 13. Rad1 Ndb4 14. dxc5
Rxd3 15. Rxd3 Ba6 16. cxb6 axb6 17. Qd2 Bxd3 18. Rc1 Rd8 19. Nd4 Nxd4 20. exd4
Bg6 21. Qe3 Nd5 22. Nxd5 Rxd5 23. Rc6 Qb4 0-1

[Event "45 MFSz im. A.Rubinsteina - B"]
[Site "Polanica Zdroj"]
[Date "2009.08.20"]
[Round "3.22"]
[White "Prazmowski, Bartosz"]
[Black "Wandzik, Wojciech"]
[Result "0-1"]
[WhiteElo "1807"]
[BlackElo "2070"]
[PlyCount "40"]
[EventDate "2009.??.??"]

1. d4 Nf6 2. c4 e6 3. Nf3 d5 4. Nc3 Bb4 5. Bd2 O-O 6. e3 c5 7. dxc5 Bxc5 8.
cxd5 exd5 9. Na4 Bd6 10. Nd4 Ne4 11. Bd3 Qg5 12. Bf1 Nd7 13. Nf3 Qg6 14. Nc3
Ndf6 15. Nxe4 Nxe4 16. Bc3 Be6 17. Nd4 Rac8 18. Nxe6 fxe6 19. f3 Bg3+ 20. Ke2
Rxc3 0-1

[Event "45 MFSz im. A.Rubinsteina - B"]
[Site "Polanica Zdroj"]
[Date "2009.08.20"]
[Round "3.23"]
[White "Wiewiora, Eneasz"]
[Black "Szusterowski, Przemyslaw"]
[Result "1/2-1/2"]
[WhiteElo "2056"]
[BlackElo "1750"]
[PlyCount "51"]
[EventDate "2009.??.??"]

1. d4 Nf6 2. Nf3 d5 3. c4 e6 4. Nc3 Nbd7 5. Bg5 c6 6. cxd5 exd5 7. e3 Qa5 8.
Bd3 Bb4 9. Qc2 Ne4 10. Bxe4 dxe4 11. Qxe4+ Kf8 12. O-O h6 13. Bh4 g5 14. Bg3
Kg7 15. Qc2 h5 16. h4 g4 17. Nd2 Be7 18. f3 Nf8 19. Be5+ f6 20. Bg3 Ng6 21. e4
Be6 22. f4 f5 23. d5 Bd7 24. Nb3 Qd8 25. Bf2 fxe4 26. Nxe4 1/2-1/2

[Event "45 MFSz im. A.Rubinsteina - B"]
[Site "Polanica Zdroj"]
[Date "2009.08.20"]
[Round "3.24"]
[White "Eggink, Mateusz"]
[Black "Ziebinski, Bartosz"]
[Result "0-1"]
[WhiteElo "1756"]
[BlackElo "2045"]
[PlyCount "34"]
[EventDate "2009.??.??"]

1. d4 Nf6 2. c4 g6 3. Nc3 Bg7 4. e4 d6 5. Nf3 O-O 6. Be2 Nbd7 7. O-O e5 8. dxe5
dxe5 9. Qc2 c6 10. Rd1 Qe7 11. a3 a5 12. Rb1 Nc5 13. b4 Ncxe4 14. Be3 Bf5 15.
Nh4 Nxc3 16. Qxc3 Bxb1 17. Bc5 Ne4 0-1

[Event "45 MFSz im. A.Rubinsteina - B"]
[Site "Polanica Zdroj"]
[Date "2009.08.20"]
[Round "3.25"]
[White "Duszenko, Michal"]
[Black "Dzieczkaniec, Piotr"]
[Result "0-1"]
[WhiteElo "1785"]
[BlackElo "2031"]
[PlyCount "52"]
[EventDate "2009.??.??"]

1. e4 a6 2. d4 b5 3. c4 Bb7 4. d5 e6 5. Nf3 exd5 6. exd5 Bb4+ 7. Nc3 Nf6 8. Be2
O-O 9. O-O d6 10. a3 Bxc3 11. bxc3 bxc4 12. Bxc4 Nbd7 13. Bb3 Nc5 14. c4 Nxb3
15. Qxb3 Rb8 16. Qc2 c6 17. dxc6 Bxc6 18. Nd4 Be4 19. Qa4 Qc8 20. Bf4 Rb6 21.
Rfd1 Nh5 22. Bd2 Bxg2 23. Kxg2 Qg4+ 24. Kf1 Qxd4 25. Be3 Qe4 26. Bxb6 Nf4 0-1

[Event "45 MFSz im. A.Rubinsteina - B"]
[Site "Polanica Zdroj"]
[Date "2009.08.20"]
[Round "3.27"]
[White "Wozniak, Grzegorz"]
[Black "Gorecki, Janusz"]
[Result "0-1"]
[WhiteElo "1570"]
[BlackElo "1928"]
[PlyCount "78"]
[EventDate "2009.??.??"]

1. e4 e5 2. Nf3 Nc6 3. d4 exd4 4. Nxd4 Bc5 5. Be3 Qf6 6. c3 a6 7. Be2 Nge7 8.
Nc2 Bxe3 9. Nxe3 Ng6 10. O-O d6 11. Nd5 Qd8 12. f4 f6 13. Bh5 O-O 14. Bxg6 hxg6
15. Qf3 Be6 16. Nd2 Bf7 17. g4 Rc8 18. Rae1 Nb8 19. b3 Nc6 20. Kg2 g5 21. f5
Ne5 22. Qg3 c6 23. Nb4 d5 24. h3 Re8 25. Kh2 a5 26. Nc2 c5 27. Rd1 Qb6 28. exd5
Bxd5 29. Ne3 Bc6 30. Ndc4 Nxc4 31. Nxc4 Re2+ 32. Rf2 Rxf2+ 33. Qxf2 Qc7+ 34.
Qg3 Qe7 35. Re1 Qf8 36. a4 Rd8 37. Qe3 Kh7 38. Re2 Qf7 39. Nxa5 Qc7+ 0-1

[Event "45 MFSz im. A.Rubinsteina - B"]
[Site "Polanica Zdroj"]
[Date "2009.08.20"]
[Round "3.28"]
[White "Gola, Karolina"]
[Black "Skiba, Marta"]
[Result "0-1"]
[WhiteElo "1908"]
[BlackElo "1729"]
[PlyCount "54"]
[EventDate "2009.??.??"]

1. e4 e5 2. Nf3 Nc6 3. Nc3 Nf6 4. d4 exd4 5. Nxd4 Bb4 6. Nxc6 Bxc3+ 7. bxc3
dxc6 8. Qxd8+ Kxd8 9. Bg5 h6 10. O-O-O+ Ke7 11. Bxf6+ Kxf6 12. f4 g6 13. Bd3
Re8 14. Rhf1 Kg7 15. Rf2 c5 16. c4 Bd7 17. e5 Be6 18. h3 h5 19. Rg1 Kh6 20. g4
Rg8 21. Rfg2 h4 22. f5 Bd7 23. Be4 Rae8 24. Bd5 Rgf8 25. fxg6 fxg6 26. Re1 c6
27. e6 cxd5 0-1

[Event "45 MFSz im. A.Rubinsteina - B"]
[Site "Polanica Zdroj"]
[Date "2009.08.20"]
[Round "3.29"]
[White "Szolc, Grzegorz"]
[Black "Graczyk, Konrad"]
[Result "1/2-1/2"]
[WhiteElo "1644"]
[BlackElo "1907"]
[PlyCount "48"]
[EventDate "2009.??.??"]

1. e4 e6 2. d4 d5 3. exd5 exd5 4. Nf3 Bd6 5. c4 dxc4 6. Bxc4 Nf6 7. O-O O-O 8.
Bg5 Bg4 9. Qb3 Nbd7 10. Nbd2 Nb6 11. Ne5 Nxc4 12. Ndxc4 Be6 13. Qf3 Bxc4 14.
Nxc4 c6 15. Bxf6 gxf6 16. Rad1 Kh8 17. Rd3 Rg8 18. Qh5 Rg7 19. Re1 Bf4 20. Qf5
Qd5 21. Qxd5 cxd5 22. Ne3 Rd8 23. g3 Bc7 24. Kf1 Bb6 1/2-1/2

[Event "45 MFSz im. A.Rubinsteina - B"]
[Site "Polanica Zdroj"]
[Date "2009.08.20"]
[Round "3.31"]
[White "Koscielny, Edmond"]
[Black "Klimek, Marcin"]
[Result "1-0"]
[WhiteElo "1900"]
[BlackElo "1701"]
[PlyCount "58"]
[EventDate "2009.??.??"]

1. f4 e5 2. fxe5 d6 3. exd6 Bxd6 4. Nf3 g5 5. g3 g4 6. Nh4 Ne7 7. d4 Ng6 8.
Nxg6 hxg6 9. Bg2 Nc6 10. O-O Rxh2 11. Bf4 Rh7 12. c3 Qe7 13. Qd3 Bd7 14. Bxd6
Qxd6 15. Qe3+ Kf8 16. Nd2 Re8 17. Qf2 g5 18. Be4 Rg7 19. Kg2 Be6 20. Qf6 Qd7
21. Rh1 Rg8 22. Bh7 Rg7 23. Bd3 Rg8 24. e4 Nd8 25. c4 Qe7 26. Qh6+ Rg7 27. a3
Qd6 28. Qf6 Qe7 29. Rh8+ Rg8 1-0

[Event "45 MFSz im. A.Rubinsteina - B"]
[Site "Polanica Zdroj"]
[Date "2009.08.20"]
[Round "3.34"]
[White "Jarus, Grzegorz"]
[Black "Wrzalek, Piotr"]
[Result "1-0"]
[WhiteElo "1860"]
[BlackElo "1600"]
[PlyCount "57"]
[EventDate "2009.??.??"]

1. d4 Nf6 2. c4 e6 3. Nc3 Bb4 4. Qc2 O-O 5. Nf3 b6 6. e4 d5 7. e5 Ne4 8. Bd3 f5
9. exf6 Nxf6 10. Bg5 h6 11. Bh7+ Kh8 12. h4 Bb7 13. Ne5 dxc4 14. O-O-O Bxc3 15.
bxc3 Qd5 16. Ng6+ Kxh7 17. Nxf8+ Kg8 18. Bxf6 gxf6 19. Ng6 Qd6 20. f3 Na6 21.
h5 b5 22. Rh3 Bd5 23. Ne5 fxe5 24. Qg6+ Kf8 25. Rg3 Qa3+ 26. Kb1 b4 27. dxe5
Ke7 28. Qg7+ Ke8 29. Rxd5 1-0

[Event "45 MFSz im. A.Rubinsteina - B"]
[Site "Polanica Zdroj"]
[Date "2009.08.20"]
[Round "3.35"]
[White "Galyga, Jozef"]
[Black "Wisniewski, Michal"]
[Result "1-0"]
[WhiteElo "1956"]
[BlackElo "1456"]
[PlyCount "91"]
[EventDate "2009.??.??"]

1. e4 e6 2. d3 c5 3. f4 d5 4. e5 Nc6 5. Nf3 Be7 6. Nc3 Nh6 7. Be2 Nf5 8. O-O
O-O 9. Kh1 a6 10. Qd2 f6 11. exf6 Bxf6 12. Nd1 b5 13. Ne3 Ncd4 14. Ng4 Ra7 15.
Nge5 Nxf3 16. Bxf3 Bxe5 17. fxe5 Raf7 18. Qg5 Qxg5 19. Bxg5 Nd4 20. Rac1 Nxf3
21. Rxf3 Rxf3 22. gxf3 Rxf3 23. Be7 c4 24. d4 Rf2 25. Kg1 Rd2 26. Rf1 h6 27.
Rf8+ Kh7 28. Rxc8 Rxc2 29. Bb4 Rxb2 30. a3 Rb1+ 31. Kg2 Rd1 32. Rc6 Rxd4 33.
Rxe6 Rd3 34. Rc6 Re3 35. e6 Kg6 36. e7+ Kf7 37. Rc8 a5 38. Rf8+ Kg6 39. Bc5
Rxe7 40. Bxe7 d4 41. Kf3 c3 42. Ke2 c2 43. Kd2 d3 44. Rf3 b4 45. axb4 axb4 46.
Bxb4 1-0

[Event "45 MFSz im. A.Rubinsteina - B"]
[Site "Polanica Zdroj"]
[Date "2009.08.20"]
[Round "3.36"]
[White "Kowalczyk, Adam"]
[Black "Ratajczyk, Rafal"]
[Result "0-1"]
[WhiteElo "1745"]
[BlackElo "1891"]
[PlyCount "90"]
[EventDate "2009.??.??"]

1. e4 c5 2. Nc3 Nc6 3. f4 d6 4. Nf3 Nf6 5. Bb5 e6 6. Bxc6+ bxc6 7. d3 Be7 8. e5
Nd5 9. Ne4 Rb8 10. b3 Nb4 11. a3 Na6 12. exd6 Bxd6 13. O-O Be7 14. Bb2 f6 15.
Nfd2 O-O 16. Qf3 Nc7 17. Rad1 a5 18. Nc4 a4 19. d4 cxd4 20. Bxd4 Nd5 21. Nc5
axb3 22. cxb3 Qc7 23. b4 e5 24. Be3 exf4 25. Bxf4 Nxf4 26. Qxf4 Qxf4 27. Rxf4
Bxc5+ 28. bxc5 Rb5 29. Nb6 Rxc5 30. Re4 Bf5 31. Re7 Rb5 32. Nd7 Rd8 33. Rd6 Rd5
34. Rxd5 cxd5 35. Nb6 d4 36. Re2 Rd6 37. Nc4 Rc6 38. Na5 Ra6 39. Nb3 d3 40. Rd2
Rxa3 41. Nc5 Rc3 42. Na4 Rc2 43. Rd1 d2 44. h3 Rc1 45. Nb2 Bc2 0-1

[Event "45 MFSz im. A.Rubinsteina - B"]
[Site "Polanica Zdroj"]
[Date "2009.08.20"]
[Round "3.37"]
[White "Oszczanowski, Witold"]
[Black "Musialkiewicz, Pawel"]
[Result "0-1"]
[WhiteElo "1679"]
[BlackElo "1838"]
[PlyCount "102"]
[EventDate "2009.??.??"]

1. e4 c5 2. Nf3 d6 3. d4 cxd4 4. Nxd4 Nf6 5. Nc3 a6 6. Be3 Ng4 7. Bg5 h6 8. Bh4
g5 9. Bg3 Bg7 10. Be2 h5 11. h4 gxh4 12. Bxh4 Nc6 13. Nb3 Nce5 14. Qd2 Ng6 15.
Bg5 Qb6 16. Bxg4 Bxg4 17. Nd5 Qd8 18. Nd4 f6 19. Be3 Ne5 20. b3 Nc6 21. f3 Bd7
22. Nxc6 bxc6 23. Bb6 Qb8 24. Nc7+ Kf8 25. Nxa8 Qxa8 26. Bd4 Qb7 27. Qa5 c5 28.
Bb2 Bh6 29. Rd1 Bf4 30. Rd5 Be8 31. c4 h4 32. Kf1 Bf7 33. Rd1 Bxc4+ 34. bxc4
Qxb2 35. Qe1 Rg8 36. Qe2 Qxe2+ 37. Kxe2 Rxg2+ 38. Kd3 Bg3 39. Rd2 Rxd2+ 40.
Kxd2 Kf7 41. Ke3 Kg6 42. Rh3 Kg5 43. Rh1 e6 44. a4 a5 45. Rg1 f5 46. Rg2 f4+
47. Kd3 h3 48. Rg1 h2 49. Rh1 Kh4 50. e5 dxe5 51. Ke4 Kh3 0-1

[Event "45 MFSz im. A.Rubinsteina - B"]
[Site "Polanica Zdroj"]
[Date "2009.08.20"]
[Round "3.39"]
[White "Bednarski, Dawid"]
[Black "Siedlanowski, Lukasz"]
[Result "1-0"]
[WhiteElo "1799"]
[BlackElo "1688"]
[PlyCount "115"]
[EventDate "2009.??.??"]

1. e4 c6 2. d4 d5 3. exd5 cxd5 4. Bd3 Nc6 5. c3 Nf6 6. h3 e5 7. dxe5 Nxe5 8.
Ne2 Nxd3+ 9. Qxd3 Bd6 10. O-O O-O 11. Bg5 Be6 12. Nd2 Qd7 13. Nd4 Rae8 14. Bxf6
gxf6 15. f4 Qc7 16. Qg3+ Kh8 17. Qh4 Qd8 18. Rae1 Rg8 19. Kh1 Rg7 20. Re2 Reg8
21. Rxe6 fxe6 22. Nxe6 Qe7 23. Nxg7 Qxg7 24. Rf2 f5 25. Nb3 Re8 26. Nd4 Bc5 27.
Re2 Rxe2 28. Qd8+ Qg8 29. Qxg8+ Kxg8 30. Nxe2 Kf7 31. g3 Kf6 32. Kg2 Bd6 33.
Kf3 a6 34. g4 b5 35. Nd4 fxg4+ 36. hxg4 b4 37. g5+ Kg6 38. cxb4 Bxb4 39. Kg4
Bd2 40. f5+ Kg7 41. Ne6+ Kf7 42. Nc7 d4 43. Nxa6 Bc1 44. Nc5 Bxb2 45. Nd3 Bc3
46. Kh5 Bd2 47. Kh6 Kg8 48. a4 Kh8 49. f6 Kg8 50. Kh5 Kf8 51. Kg4 Kf7 52. Kf5
Ba5 53. Ne5+ Kf8 54. Ke6 Bb4 55. f7 Kg7 56. Nd3 Bd2 57. Ke7 Bxg5+ 58. Ke8 1-0

[Event "45 MFSz im. A.Rubinsteina - B"]
[Site "Polanica Zdroj"]
[Date "2009.08.20"]
[Round "3.41"]
[White "Stepniewski, Jerzy"]
[Black "Szymczak, Paula"]
[Result "1-0"]
[WhiteElo "1814"]
[BlackElo "1674"]
[PlyCount "75"]
[EventDate "2009.??.??"]

1. Nf3 d6 2. d4 Nf6 3. c3 Nbd7 4. e3 e5 5. Qb3 Be7 6. Bc4 O-O 7. O-O exd4 8.
exd4 c6 9. Nbd2 d5 10. Bd3 Nh5 11. Qc2 h6 12. g3 Nb6 13. Ne5 Bh3 14. Re1 f5 15.
Ndf3 f4 16. Bh7+ Kh8 17. Ng6+ Kxh7 18. Nxf8+ Kg8 19. Ng6 Bf6 20. Nxf4 Nxf4 21.
Bxf4 Qd7 22. Ne5 Bxe5 23. Bxe5 Qf7 24. Qe2 Qf5 25. b3 Bg4 26. Qe3 Qh5 27. f3
Bxf3 28. Rf1 Rf8 29. Rae1 Nc8 30. Rf2 g5 31. Ref1 g4 32. Qd2 Rf7 33. Bf4 Kh7
34. Re1 Qh3 35. Re6 h5 36. Be5 Kg8 37. Qg5+ Kf8 38. Qd8# 1-0

[Event "45 MFSz im. A.Rubinsteina - B"]
[Site "Polanica Zdroj"]
[Date "2009.08.20"]
[Round "3.43"]
[White "Wozniak, Bartosz"]
[Black "Ziemba, Artur"]
[Result "0-1"]
[WhiteElo "1770"]
[BlackElo "1638"]
[PlyCount "80"]
[EventDate "2009.??.??"]

1. e4 c5 2. Nf3 d6 3. d4 cxd4 4. Nxd4 Nf6 5. Nc3 a6 6. Bg5 e6 7. f4 Be7 8. Qf3
Nbd7 9. O-O-O Qc7 10. g4 b5 11. Bxf6 Nxf6 12. g5 Nd7 13. f5 Bxg5+ 14. Kb1 Ne5
15. Qh5 Qe7 16. fxe6 g6 17. Qe2 fxe6 18. Bh3 O-O 19. Qg2 Be3 20. Nce2 Bd7 21.
Qg3 Nc4 22. Ka1 e5 23. Bxd7 Qxd7 24. Nf5 Bc5 25. Rd3 Kh8 26. Nh4 Rf7 27. Qg5
Raf8 28. Ng3 Qe6 29. Qh6 Qf6 30. Rhd1 Be3 31. Rxe3 Nxe3 32. Qxe3 Qxh4 33. Qd2
Rd8 34. a3 Rdd7 35. Qe2 Qd8 36. Qg2 Qf8 37. Rd2 Rf6 38. Qg1 Rff7 39. Qb6 d5 40.
Qe3 d4 0-1

[Event "45 MFSz im. A.Rubinsteina - B"]
[Site "Polanica Zdroj"]
[Date "2009.08.20"]
[Round "3.45"]
[White "Kustal, Emilia"]
[Black "Korcz, Daniel"]
[Result "0-1"]
[WhiteElo "1603"]
[BlackElo "1743"]
[PlyCount "82"]
[EventDate "2009.??.??"]

1. e4 e5 2. Nf3 Nc6 3. Bb5 a6 4. Ba4 Nf6 5. O-O b5 6. Bb3 Bc5 7. Re1 d6 8. h3
O-O 9. c3 h6 10. d4 Bb6 11. a4 Bb7 12. Na3 b4 13. Nc4 bxc3 14. bxc3 Na5 15.
Ncd2 exd4 16. cxd4 Nxb3 17. Qxb3 a5 18. e5 dxe5 19. dxe5 Bd5 20. Qc2 Nh5 21.
Ne4 f5 22. Ned2 Ng3 23. Ba3 Re8 24. Bc5 Ne4 25. Bxb6 cxb6 26. Qb2 Nc5 27. Qc2
Qd7 28. Nh4 f4 29. Nhf3 Rac8 30. Nh4 Nb3 31. Qg6 Re6 32. Qg4 Nxa1 33. Rxa1 Qc6
34. Nf5 Rc7 35. Nd4 Qc3 36. Nxe6 Qxa1+ 37. Kh2 Re7 38. Nxg7 Rxg7 39. Qc8+ Kh7
40. Qf5+ Kh8 41. e6 Rxg2# 0-1

[Event "45 MFSz im. A.Rubinsteina - B"]
[Site "Polanica Zdroj"]
[Date "2009.08.20"]
[Round "3.46"]
[White "Zajaczkowski, Gwidon"]
[Black "Ostalska, Natalia"]
[Result "0-1"]
[WhiteElo "1739"]
[BlackElo "1530"]
[PlyCount "52"]
[EventDate "2009.??.??"]

1. f4 e5 2. fxe5 d6 3. exd6 Bxd6 4. Nf3 Nf6 5. d4 Ng4 6. Bg5 f6 7. Bh4 Bf5 8.
Qd2 g5 9. h3 Bf4 10. Qa5 Ne3 11. Na3 gxh4 12. Qb5+ Nd7 13. d5 Qe7 14. Nd4 Be4
15. Ne6 Bg3+ 16. Kd2 Bxd5 17. Kxe3 Qxe6+ 18. Kd2 O-O-O 19. e3 Ne5 20. Bd3 c6
21. Qc5 b6 22. Qc3 Be4 23. Nb5 Bxd3 24. Nxa7+ Kb7 25. Nxc6 Nc4+ 26. Qxc4 Bxc4+
0-1

[Event "45 MFSz im. A.Rubinsteina - B"]
[Site "Polanica Zdroj"]
[Date "2009.08.21"]
[Round "4.1"]
[White "Szusterowski, Radoslaw"]
[Black "Kowalczyk, Pawel"]
[Result "0-1"]
[WhiteElo "1969"]
[BlackElo "2103"]
[PlyCount "56"]
[EventDate "2009.??.??"]

1. d4 d5 2. c4 e6 3. Nc3 c6 4. e3 f5 5. Nf3 Nf6 6. Ne5 Bd6 7. f4 O-O 8. Bd3 Bd7
9. Qb3 b6 10. O-O Be8 11. Bd2 Bxe5 12. fxe5 Ne4 13. Bxe4 dxe4 14. d5 Nd7 15.
Ne2 Nc5 16. Qc2 cxd5 17. Nd4 Qd7 18. b4 Nd3 19. cxd5 Qxd5 20. Qb3 Qxb3 21. axb3
Bd7 22. Ra2 Rfc8 23. Rfa1 Rc7 24. b5 Nxe5 25. Bb4 Nf7 26. Nc6 Bxc6 27. bxc6 a5
28. Rc2 Rac8 0-1

[Event "45 MFSz im. A.Rubinsteina - B"]
[Site "Polanica Zdroj"]
[Date "2009.08.21"]
[Round "4.2"]
[White "Jagiela, Piotr"]
[Black "Szadkowski, Krzysztof"]
[Result "1-0"]
[WhiteElo "1939"]
[BlackElo "2100"]
[PlyCount "53"]
[EventDate "2009.??.??"]

1. c4 e5 2. Nc3 d6 3. g3 f5 4. Bg2 Nf6 5. e3 Be7 6. Nge2 O-O 7. f4 c6 8. O-O
Be6 9. b3 Na6 10. h3 Qc7 11. fxe5 dxe5 12. d4 Rad8 13. Qc2 Nh5 14. Kh2 Nxg3 15.
Nxg3 exd4 16. exd4 Bd6 17. Rf3 Rf6 18. Qf2 Rg6 19. Nce2 Re8 20. Nf4 Rf6 21. Bf1
Bf7 22. c5 Bf8 23. Nd3 Bd5 24. Rxf5 Rxf5 25. Qxf5 Re4 26. Bf4 Qe7 27. Nxe4 1-0

[Event "45 MFSz im. A.Rubinsteina - B"]
[Site "Polanica Zdroj"]
[Date "2009.08.21"]
[Round "4.3"]
[White "Zadlo, Tomasz"]
[Black "Wozniak, Dawid"]
[Result "1-0"]
[WhiteElo "2076"]
[BlackElo "1894"]
[PlyCount "53"]
[EventDate "2009.??.??"]

1. e4 c6 2. Ne2 d5 3. e5 Bg4 4. d4 e6 5. Be3 Nd7 6. Nd2 c5 7. c3 cxd4 8. cxd4
Ne7 9. h3 Bh5 10. Qb3 Bxe2 11. Bxe2 Nb6 12. O-O Nc6 13. a3 a6 14. f4 Rc8 15. f5
Na5 16. Qd3 exf5 17. Qxf5 Qd7 18. Qd3 Rc6 19. Bg4 Qd8 20. Qf5 f6 21. exf6 gxf6
22. Qh5+ Ke7 23. Rae1 Bg7 24. Bh6+ Kf8 25. Be6 Rxe6 26. Rxe6 Nd7 27. Rfe1 1-0

[Event "45 MFSz im. A.Rubinsteina - B"]
[Site "Polanica Zdroj"]
[Date "2009.08.21"]
[Round "4.4"]
[White "Lach, Piotr"]
[Black "Mondrzycki, Bartlomiej"]
[Result "1/2-1/2"]
[WhiteElo "2148"]
[BlackElo "2021"]
[PlyCount "91"]
[EventDate "2009.??.??"]

1. e4 c5 2. Nf3 Nc6 3. d4 cxd4 4. Nxd4 Nf6 5. Nc3 e5 6. Ndb5 d6 7. Bg5 a6 8.
Na3 b5 9. Bxf6 gxf6 10. Nd5 f5 11. c3 Bg7 12. exf5 Bxf5 13. Nc2 O-O 14. Nce3
Bg6 15. h4 Be4 16. a4 b4 17. Bc4 Kh8 18. h5 h6 19. O-O f5 20. Re1 Qh4 21. f3
Bxd5 22. Bxd5 Rac8 23. Be6 Rcd8 24. Nxf5 Qxh5 25. Nxg7 Kxg7 26. Qd5 Ne7 27. Qb7
Kf6 28. Bg4 Qg5 29. Qxb4 h5 30. Rad1 hxg4 31. Rxd6+ Kg7 32. Rxd8 Rxd8 33. Qxg4
Qxg4 34. fxg4 Kf6 35. Rf1+ Ke6 36. g5 a5 37. b4 axb4 38. cxb4 Rd4 39. Rf6+ Kd7
40. b5 Rxa4 41. b6 Rg4 42. b7 Rb4 43. g6 Rxb7 44. g7 Rb8 45. Rf8 Re8 46. Kf2
1/2-1/2

[Event "45 MFSz im. A.Rubinsteina - B"]
[Site "Polanica Zdroj"]
[Date "2009.08.21"]
[Round "4.5"]
[White "Tomsia, Kamil"]
[Black "Dowgird, Filip"]
[Result "1-0"]
[WhiteElo "2103"]
[BlackElo "2011"]
[PlyCount "103"]
[EventDate "2009.??.??"]

1. d4 d6 2. c4 e5 3. e3 Nd7 4. Nc3 g6 5. g3 Bg7 6. Bg2 Ne7 7. Nf3 O-O 8. O-O c6
9. e4 a6 10. b3 b5 11. Ba3 exd4 12. Nxd4 c5 13. e5 cxd4 14. exd6 Nf5 15. Nd5
Ra7 16. Ne7+ Kh8 17. Nc6 Qb6 18. Nxa7 Qxa7 19. Rc1 bxc4 20. Rxc4 Qb8 21. Rc7
Be5 22. Re1 f6 23. Bh3 Nxd6 24. Rxd7 Bxd7 25. Bxd7 Rd8 26. Bh3 Nb5 27. Bb2 d3
28. Bxe5 fxe5 29. Qd2 Qd6 30. a4 Na3 31. Bf1 Nc2 32. Rc1 Nb4 33. a5 Rb8 34. Rc4
Rb5 35. f4 Nc6 36. Qxd3 Rd5 37. Qc3 Nxa5 38. Rc8+ Kg7 39. fxe5 Qxe5 40. Rc7+
Kh6 41. Qxe5 Rxe5 42. b4 Nb3 43. Bxa6 Nd4 44. Kf2 Rh5 45. h4 Re5 46. Rd7 Ne6
47. Re7 Re4 48. Bd3 Rd4 49. Ke3 Rd6 50. g4 Nf8 51. g5+ Kh5 52. Re4 1-0

[Event "45 MFSz im. A.Rubinsteina - B"]
[Site "Polanica Zdroj"]
[Date "2009.08.21"]
[Round "4.6"]
[White "Mucha, Magdalena"]
[Black "Golek, Jagoda"]
[Result "1/2-1/2"]
[WhiteElo "1787"]
[BlackElo "2040"]
[PlyCount "22"]
[EventDate "2009.??.??"]

1. c4 e5 2. Nc3 Nf6 3. e4 Bb4 4. Nge2 O-O 5. g3 Nc6 6. Bg2 d6 7. O-O Be6 8. d3
Bc5 9. h3 Qd7 10. Kh2 Ne8 11. g4 g6 1/2-1/2

[Event "45 MFSz im. A.Rubinsteina - B"]
[Site "Polanica Zdroj"]
[Date "2009.08.21"]
[Round "4.7"]
[White "Somyk, Marcin"]
[Black "Solnicki, Michal"]
[Result "0-1"]
[WhiteElo "1901"]
[BlackElo "2031"]
[PlyCount "124"]
[EventDate "2009.??.??"]

1. e4 c5 2. Nf3 Nc6 3. d4 cxd4 4. Nxd4 g6 5. c4 Nf6 6. Nc3 Nxd4 7. Qxd4 d6 8.
c5 dxc5 9. Bb5+ Bd7 10. Bxd7+ Qxd7 11. Qxc5 Bg7 12. O-O O-O 13. Bg5 Rfc8 14.
Qa3 Qg4 15. f4 Nh5 16. Rad1 Bf8 17. h3 Qe6 18. Bh4 Rc4 19. f5 Qe5 20. Rd5 Qc7
21. Qb3 Nf6 22. fxg6 hxg6 23. Bxf6 exf6 24. Rxf6 Re8 25. Qb5 Re7 26. Rd1 Re5
27. Nd5 Qc5+ 28. Qxc5 Bxc5+ 29. Kh1 Rcxe4 30. Nc3 Re1+ 31. Rf1 Rxf1+ 32. Rxf1
Bd4 33. Rc1 b5 34. a3 Rc5 35. Kh2 a5 36. Kg3 b4 37. axb4 axb4 38. Ne2 Rxc1 39.
Nxc1 Bxb2 40. Nb3 Kg7 41. Kf4 Kf6 42. g3 Be5+ 43. Kf3 Ke6 44. g4 Kd5 45. Ke3
Kc4 46. Nd2+ Kc3 47. h4 Bd4+ 48. Ke2 b3 49. h5 gxh5 50. gxh5 Kc2 51. Nc4 b2 52.
h6 b1=Q 53. Na3+ Kb2 54. Nxb1 Kxb1 55. Kf3 Kc2 56. Ke2 Kc3 57. Kf3 Kd3 58. h7
Bh8 59. Kf4 Kd4 60. Kf5 Kd5 61. Kg5 Ke5 62. Kh6 Kf6 0-1